Statistics for Google Maps Cities - Bosnia and Herzegovina

Click here to take the quiz!

General Stats

  • This quiz has been taken 42 times
    (40 since last reset)
  • The average score is 4 of 6

Answer Stats

City% Correct
Sarajevo
100%
Mostar
84%
Tuzla
79%
Zenica
79%
Bijeljina
50%
Medugorje
21%

Score Distribution

Percentile by Number Answered

Percent of People with Each Score

Your Score History

You have not taken this quiz since the last reset